CONSTRU S2 - C7- BÉTON - Statistiques

Statistiques générales
  • Ce quiz a été pris 177 fois
  • Le résultat moyen est 4 sur 5
Statistiques - réponses
Question Réponse % Correct
Le béton armé combine béton et : Acier
100%
Une trop grande quantité d’eau dans le béton Diminue la durabilité
90%
Le béton est très résistant : À la compression uniquement
89%
Dans le béton précontraint, la pré-tension signifie que l’acier est tendu : Avant la prise
89%
Le rôle de l’acier dans le béton armé est de reprendre : La traction
88%
Le ciment naturel est obtenu par cuisson de Mélange calcaire + argile
88%
Pourquoi l’acier et le béton sont-ils compatibles ? Aucune interaction chimique néfaste
82%
Le béton est principalement constitué de : Ciment, granulats, eau
78%
Le béton fibré contient Des fibres métalliques ou synthétiques
78%
L’adhérence acier-béton est essentielle pour Transmettre les efforts
75%
La résistance à la traction du béton est environ 1/10e de celle en compression
73%
Le module d’élasticité du béton est défini par : Contrainte / déformation
71%
Le fluage est une déformation : Différée dans le temps
70%
L’avantage principal du béton précontraint est : Résistance accrue aux fissures
67%
Les adjuvants sont utilisés pour Modifier certaines propriétés
62%
Quelle est la température de cuisson du ciment ? 1450°C
57%
Le coefficient de dilatation thermique du béton est proche de : 1 x 10⁻⁵
50%
Un plastifiant sert à Faciliter la mise en œuvre
50%
Quel est le rôle principal de l’eau dans le béton ? Hydrater le ciment
33%
Les granulats représentent environ : 2/3 du béton
29%
Aucun quiz correspondant
Distribution des résultats
% des personnes avec chaque résultat
Percentile par nombre de réponses
Votre historique - résultats
Vous n’avez pas pris ce quiz